Statistics for Leaders of France

Click here to take the quiz!

General Stats

  • This quiz has been taken 79 times
  • The average score is 15 of 51

Answer Stats

PeriodYearsAnswer% Correct
Second Republic1848-1852Louis-Napoleon Bonaparte
92%
1799-1804Napoleon Bonaparte
89%
Fifth Republic1959-1969Charles de Gaulle
87%
Provisional Government1944-1946Charles de Gaulle
87%
2017-Emmanuel Macron
84%
2007-2012Nicolas Sarkozy
66%
2012-2017Francois Hollande
62%
1995-2007Jacques Chirac
62%
Hundred Days1815Napoleon I
57%
First Empire1804-1814Napoleon I
57%
1981-1985Francois Mitterrand
54%
Constitutional Monarchy1791-1792Louis XVI
54%
Second Empire1852-1870Napoleon III
54%
Vichy France1940-1944Philippe Petain
52%
1793-1794Maximillien Robespierre
51%
1969-1974Georges Pompidou
41%
Restoration1814-1815Louis XVIII
41%
Restoration1815-1824Louis XVIII
41%
1974-1981Valery Giscard d' Estaing
41%
July Monarchy1830-1848Louis Philippe I
31%
1824-1830Charles X
30%
1793Georges Danton
21%
First Republic1792Georges Danton
21%
1954-1959Rene Coty
20%
1913-1920Raymond Poincare
16%
Third Republic1871-1873Adolphe Thiers
11%
1932-1940Albert Lebrun
11%
1946-1947Leon Blum
11%
1931-1932Paul Doumer
10%
Fourth Republic1947-1954Vincent Auriol
10%
1924-1931Gaston Doumergue
8%
1873-1879Patrice de MacMahon
8%
1895-1899Felix Faure
7%
1879-1887Jules Grevy
7%
1797-1799Paul Barras
7%
1920Paul Deschanel
7%
1887-1894Sadi Carnot
7%
1920-1924Alexandre Millerand
5%
1906-1913Armand Fallieres
5%
1794Lazare Carnot
5%
1794-1795Lazare Carnot
5%
1795-1797Lazare Carnot
5%
1899-1906Emile Loubet
3%
1799Emmanuel Joseph Sieyes
3%
1894-1895Jean Casimir-Perier
3%
1946Felix Gouin
2%
1946Georges Bidault
2%
1793Etienne Claviere
0%
1794Jean-Jacques-Regis de Cambarceres
0%
1795Jean-Jacques-Regis de Cambarceres
0%
1792-1793Jean Marie Roland de la Platiere
0%

Score Distribution

Percentile by Number Answered

Percent of People with Each Score

Your Score History

You have not taken this quiz